000 01161namaa2200313 i 4500
003 EG-GICUC
005 20260421114610.0
008 260412s2013 ua |||jr|||| 000 0 ara d
017 _a2012 / 13540
_bدار الكتب والوثائق القومية (مصر)
020 _a9789772161867
040 _aEG-GiCUC
_bara
_cEG-GiCUC
_dEG-GiCUC
_erda
082 0 4 _221
_a808.02
_bM1129
092 0 4 _221
_a808.02
_bM1129
099 _a808.02 M1129
100 1 _aمبروك، محمد إبراهيم
_d1943-
_eمؤلف.
245 1 _aزمن الكتبة يأفل... أزمنة الكتاب تجئ أو ذكريات المستقبل/
_cمحمد إبراهيم مبروك.
250 _aالطبعة الاولى
264 _aالقاهرة(مصر) :
_bالمجلس الاعلى للثقافة،
_c2013.
300 _a152 صفحة ؛
_c24 سم
336 _2rdacontent
_atext
337 _2rdamedia
_aUnmediated
338 _2rdacarrier
_avolume
504 _a.
541 _aد. جابر عصفور ؛
_bالقاهرة ؛
_cإهداء ؛
_d2024.
650 1 7 _aالتأليف الادبى
_2qrmak
651 1 _2qrmak
905 _aAya
942 _2ddc
_cBK
_e21
_n0
999 _c179419
_d179419